000 00495nam a2200121Ia 4500
008 220620s9999||||xx |||||||||||||| ||und||
100 _aFan Dong||Shengming Jin||Ying Zhou
245 0 _aBismuth - Advanced Applications and Defects Characterization
546 _aEnglish[eng]
650 _aPhysical Sciences||Engineering and Technology||Materials Science||Metals and Nonmetals
856 _uhttps://www.intechopen.com/books/bismuth-advanced-applications-and-defects-characterization
942 _cEB
999 _c24120
_d24120